LEADER 01394nam0-22003491i-450- 001 990004853930403321 005 20130719114709.0 035 $a000485393 035 $aFED01000485393 035 $a(Aleph)000485393FED01 035 $a000485393 100 $a19990604d1859----km-y0itay50------ba 101 0 $afre 105 $ay-------001yy 200 1 $aChronique de la Pucelle, ou Chronique de Cousinot$fsuivie de la Chronique Normande de P. Cochon relatives aux règnes de Charles 6. et de Charles 7., restituées a leurs auteurs et publiées pour la première fois intègralement a partir de l'an 1403, d'aprés les manuscrits$gavec notice, notes et développements par M. Vallet de Viriville 210 $aParis$cA. Delahays, Libraire-Éditeur$d1859 215 $a540 p.$d19 cm 312 $aTit. dell'occh.: Chronique de la Pucelle 517 1 $aChronique de la Pucelle 517 1 $aChronique de Cousinot 610 0 $aGuerra dei cento anni$a1339-1453 676 $a944.025 700 1$aCousinot, Guillaume : de Montreuil$f<1400?-1484?>$0494784 702 1$aCochon,$bPierre$f<1390-1456> 702 1$aVallet de Viriville,$bAuguste 801 0$aIT$bUNINA$gRICA$2UNIMARC 901 $aBK 912 $a990004853930403321 952 $aSG 900/B 98$bR. Bibl. 6596$fFLFBC 959 $aFLFBC 996 $aChronique de la Pucelle, ou Chronique de Cousinot$9521960 997 $aUNINA LEADER 02499nam 2200685Ia 450 001 9910785838203321 005 20230421054211.0 010 $a3-11-087143-2 024 7 $a10.1515/9783110871432 035 $a(CKB)2670000000251270 035 $a(EBL)3042187 035 $a(OCoLC)922945071 035 $a(SSID)ssj0000559717 035 $a(PQKBManifestationID)11376021 035 $a(PQKBTitleCode)TC0000559717 035 $a(PQKBWorkID)10567275 035 $a(PQKB)10963207 035 $a(MiAaPQ)EBC3042187 035 $a(DE-B1597)55097 035 $a(OCoLC)979748144 035 $a(DE-B1597)9783110871432 035 $a(Au-PeEL)EBL3042187 035 $a(CaPaEBR)ebr10598223 035 $a(EXLCZ)992670000000251270 100 $a19920701d1992 uy 0 101 0 $aeng 135 $aurnn#---|u||u 181 $ctxt 182 $cc 183 $acr 200 14$aThe elements of mathematical semantics$b[electronic resource] /$fby Maurice V. Aldridge 205 $aReprint 2011 210 $aBerlin ;$aNew York $cMouton de Gruyter$d1992 215 $a1 online resource (276 p.) 225 0 $aTrends in Linguistics. Studies and Monographs [TiLSM] ;$v66 300 $aDescription based upon print version of record. 311 0 $a3-11-012957-4 320 $aIncludes bibliographical references (p. [243]-249) and index. 327 $tFront matter --$tChapter 1 Some topics in semantics --$tChapter 2 Background notions from mathematics --$tChapter 3 Background notions from formal logic --$tChapter 4 Vagueness and ambiguity --$tChapter 5 Logical form in binding theory --$tChapter 6 Pragmatics --$tChapter 7 Categorial grammar --$tChapter 8 Semantic rules --$tBibliography --$tIndex --$tBack matter 410 0$aTrends in Linguistics. Studies and Monographs [TiLSM] 606 $aSemantics$xMathematical models 606 $aMathematical linguistics 606 $aLanguage and logic 606 $aPragmatics 606 $aCategorial grammar 615 0$aSemantics$xMathematical models. 615 0$aMathematical linguistics. 615 0$aLanguage and logic. 615 0$aPragmatics. 615 0$aCategorial grammar. 676 $a401/.41/0151 686 $aET 450$2rvk 700 $aAldridge$b M. V$g(Maurice Vincent)$01566585 801 0$bMiAaPQ 801 1$bMiAaPQ 801 2$bMiAaPQ 906 $aBOOK 912 $a9910785838203321 996 $aThe elements of mathematical semantics$93837251 997 $aUNINA